Geologic map of the Byrgius quadrangle of the Moon /

Bibliographic Details
Main Author: Wilshire, Howard Gordon, 1926-
Corporate Authors: Geological Survey (U.S.), United States. National Aeronautics and Space Administration, Aeronautical Chart and Information Center (U.S.)
Format: Government Document Map
Language:English
Published: Washington, D.C. : U.S. Geological Survey, 1973.
Series:Miscellaneous geologic investigations ; Map I-755.
Geologic atlas of the Moon ; LAC-92.
Subjects:

MARC

Tag First Indicator Second Indicator Subfields
LEADER 00000cem a2200000Ka 4500
001 in00002419913
005 20151111041519.0
007 aj canzn
008 800804s1973 dcu cc a f 0 eng d
034 1 |a a  |b 1000000  |d W0700000  |e W0500000  |f S0160000  |g S0320000 
035 |a (OCoLC)ocm06584310 
035 |a (OCoLC)6584310 
040 |a GAT  |c GAT  |d NMT  |d OCL  |d OCLCQ  |d OCLCG  |d TXA  |d UtOrBLW 
043 |a zmo---- 
049 |a TXAM 
050 4 |a G3701.C5 svar  |b .U52 I-755 
052 |a 3196  |b B9 
082 0 4 |a 550 
086 0 |a I 19.91:I-755 
100 1 |a Wilshire, Howard Gordon,  |d 1926- 
245 1 0 |a Geologic map of the Byrgius quadrangle of the Moon /  |c by H.G. Wilshire. 
246 3 1 |a Byrgius quadrangle of the Moon 
255 |a Scale 1:1,000,000 ;  |b Lambert Conformal proj.  |c (W 70⁰00ʹ00ʺ--W 50⁰00ʹ00ʺ/S 16⁰00ʹ00ʺ--S 32⁰00ʹ00ʺ). 
264 1 |a Washington, D.C. :  |b U.S. Geological Survey,  |c 1973. 
300 |a 1 map :  |b color ;  |c on sheet 66 x 129 cm., folded in envelope 30 x 24 cm. 
336 |a cartographic image  |b cri  |2 rdacontent 
337 |a unmediated  |b n  |2 rdamedia 
338 |a sheet  |b nb  |2 rdacarrier 
490 1 |a Map I-755 : Geologic atlas of the Moon ;  |v LAC-92 
500 |a Photo map. 
500 |a "Prepared in cooperation with the National Aeronautics and Space Administration and the USAF Aeronautical Chart and Information Center." 
504 |a Includes index maps, text and bibliographical references. 
500 |a Cartographic material. 
650 0 |a Lunar geology  |z Byrgius Region  |v Remote-sensing maps. 
651 0 |a Moon  |v Remote-sensing maps. 
710 2 |a Geological Survey (U.S.) 
710 1 |a United States.  |b National Aeronautics and Space Administration. 
710 2 |a Aeronautical Chart and Information Center (U.S.) 
830 0 |a Miscellaneous geologic investigations ;  |v Map I-755. 
830 0 |a Geologic atlas of the Moon ;  |v LAC-92. 
994 |a C0  |b TXA 
948 |a cataloged  |b h  |c 2009/07/02  |e mansari  |f 12:13:46 pm 
999 |a MARS 
999 f f |s 7225357d-9027-36bd-a571-d2effd57302a  |i 7b909d43-55a1-3525-9697-fd7e43883d1a  |t 0 
952 f f |p normal  |a Texas A&M University  |b College Station  |c Sterling C. Evans Library  |d Evans: Maps File (2nd floor)  |t 0  |e I 19.91:I-755  |h Superintendent of Documents classification  |i unmediated -- sheet  |m A14816700746 
998 f f |a I 19.91:I-755  |t 0  |l Evans: Maps File (2nd floor)